000 00642nam a2200193 i 4500
001 101782
003 ES-MaACL
005 20230906182958.0
007 t|
008 051025s1969 sp ||||1| spa d
100 1 _aMeier, Gerald M.
_979824
245 1 0 _aDesarrollo económico
_b: Teoría, Historia, Política /
_cM. Gerald Meier, Robert E. Baldwin; traducción por Javier Irastorza Revuelta.
250 _a[1ª ed. reimp.].
260 _aMadrid :
_bAguilar,
_c1969.
300 _aXIX, 624 p. ;
_c22 cm.
700 1 _aBaldwin, Robert E.
_924916
700 1 _aIrastorza Revuelta, Javier.
_965422
852 _aES-MaACL
_jC-36046
_bR.69151
999 _c101782
_d101782